A excursão dos gambozinos (Registo nº 3936)

Detalhes MARC
000 -Etiqueta do registo
Cabeçalho 00715nam0a2200253 4500
005 - Identificador da versão
Campo de controlo 20240813122048.0
010 ## - Número internacional normalizado dos livros (ISBN)
Número (ISBN) 9728473974
021 ## - Número do Depósito Legal
Código do país PT
Número 169876/01
100 ## - Dados gerais de processamento
Dados gerais de processamento 20170526d2001 c y0pory5003 ba
102 ## - Pais de publicação ou produção
País de publicação Portugal
101 0# - Língua de publicação
Língua do texto, banda sonora, etc. Português
215 ## - Descrição física 
Indicação específica da natureza do documento e extensão da espécie 26, [3] p.
Outras indicações físicas il. color
200 1# - Titulo e menção de responsabilidade
Título próprio A excursão dos gambozinos
Primeira menção de responsabilidade Violeta Figueiredo
Outras menções de responsabilidade il. Martinho Dias
205 ## - Menção da edição
Menção da edição 1ª ed
210 ## - Publicação, Distribuição, etc. 
Lugar da edição, distribuição, etc. Canelas
Nome do editor, distribuidor, etc. Gailivro
Data da publicação, distribuição, etc. 2001
606 ## - Nome comum usado como assunto
Número de registo de entrada de autoridade 0001358
Palavra de ordem Literatura portuguesa
Subdivisão de assunto Poesia
Código do sistema CA
675 ## - Classificação Decimal Universal (CDU)
Notação 821.134.3-1
Edição 3ª ed.
Língua da edição por
702 #1 - Nome de autor-pessoa física (responsabilidade secundária)
Número de registo de entrada de autoridade 0000127
Palavra de ordem Dias
Outra parte do nome não tomada para palavra de ordem Martinho
Código de função Ilustrador / Técnico de desenho computorizado
700 #1 - Nome de autor-pessoa física (responsabilidade principal)
Número de registo de entrada de autoridade 0001891
Palavra de ordem Figueiredo
Outra parte do nome não tomada para palavra de ordem Violeta
Datas 1947-
966 ## - Identificação da Biblioteca
Sigla EBVEN
942 ## - Elementos de entrada adicionados (Koha)
Tipo de item no Koha Livro
Exemplares
Situação do levantamento Origin of item (home branch) (coded) Biblioteca de empréstimo Código de barras Cota Circulation type (not for loan) Tipo de documento Nota do exemplar Damaged status
  Biblioteca Escolar das Vendas Biblioteca Escolar das Vendas BEV637 8POR FIG   Livro Sem mensagem  
  Biblioteca Escolar das Vendas Biblioteca Escolar das Vendas BEV638 8POR FIG   Livro Sem mensagem  
  Biblioteca Escolar das Vendas Biblioteca Escolar das Vendas BEV639 8POR FIG   Livro Sem mensagem